ბათუმის შოთა რუსთაველის სახელმწიფო უნივერსიტეტის ბიბლიოთეკა

თოფები, მიკრობები და ფოლადი : (ბიბ.ჩანაწერი № 62130)

000 -ლიდერი
ფიქსირებული სიგრძის საკონტროლო ველი 01381nam a22002417a 4500
003 - საკონტროლო ნომრის იდენტიფიკატორი
საკონტროლო ველი Ge_BSU
005 - ბოლო ოპერაციის თარიღი და დრო
საკონტროლო ველი 20240718113216.0
008 - ფიქსირებული სიგრძის მონაცემთა ელემენტები - ზოგადი ინფორმაცია
ფიქსირებული სიგრძის საკონტროლო ველი 240718s2023 ge ||||| |||| 00| 0 geo d
020 ## - წიგნის საერთაშორისო სტანდარტული ნომერი
International Standard Book Number 9789941373817
041 ## - ენის კოდი
Language code of text/sound track or separate title geo
080 ## - უნივერსალური ათობითი კლასიფიკაციის ინდექსი
Universal Decimal Classification number 316 დ-16
100 ## - მთავარი ჩანაწერი - პიროვნების სახელი
Personal name დაიმონდი, ჯარედ
Relator term ავტორი.
9 (RLIN) 22869
245 ## - ცნობა სათაურის შესახებ
Title თოფები, მიკრობები და ფოლადი :
Remainder of title საზოგადოებათა უთანასწორობის მიზეზები /
Statement of responsibility, etc ჯარედ დაიმონდი ; ინგლ.თარგმ. ნიკა სამუშიამ ; რედ. მარინა ყიფშიძე ; დიზაინერი თინა ხუციშვილი.
264 ## - წარმოების, გამოცემის, დისტრიბუციის და სხვა ცნობები
გამოცემის, წარმოების, დისტრიბუციის... ადგილი თბილისი :
გამოცემის, წარმოების, დისტრიბუციის... სახელწოდება სულაკაური,
გამოცემის, წარმოების, დისტრიბუციის... თარიღი 2023.
300 ## - ფიზიკური აღწერა
Extent 691 გვ. ;
Other physical details 21.5 სმ
440 ## - სერიის ცნობა / დამატებულია ჩანაწერი - სათაური
Title აკადემია მსოფლიო ბესტსელერი
9 (RLIN) 22870
653 ## - INDEX TERM--UNCONTROLLED
Uncontrolled term სოციოლოგია.
653 ## - INDEX TERM--UNCONTROLLED
Uncontrolled term საზოგადოება.
653 ## - INDEX TERM--UNCONTROLLED
Uncontrolled term ევოლუცია. ბიოფიზიკა.
700 ## - ADDED ENTRY--PERSONAL NAME
Personal name სამუშია, ნიკა
Relator term მთარგმნელი
9 (RLIN) 14222
700 ## - ADDED ENTRY--PERSONAL NAME
Personal name ყიფშიძე, მარინა
Relator term რედაქტორი და სხვ
9 (RLIN) 22871
942 ## - ADDED ENTRY ELEMENTS (KOHA)
Source of classification or shelving scheme
Koha item type წიგნი
ეგზემპლარები
ჩამოწერის სტატუსი დაკარგული ეგზემპლარის სტატუსი კლასიფიკაციის წყარო ან თაროზე გაწყობის სქემა დაზიანების სტატუსი არ გაიცემა მუდმივი მდებარეობა (დაცვის ადგილი) ამჟამინდელი ადგილსამყოფელი თაროზე განთავსების ადგილი შეძენის თარიღი ღირებულება, შესყიდვის ნორმალური ფასი სრული შენახვის შიფრი შტრიხკოდი ბოლო ოპერაციის თარიღი ეგზემპლარის მიმდევრობითი ნომერი (კეტერი?) ფასის ძალაში შესვლის თარიღი ეგზემპლარის სახეობა საჯარო შენიშვნა
          ბათუმის შოთა რუსთაველის სახელმწიფო უნივერსიტეტის მთავარი ბიბლიოთეკა ბათუმის შოთა რუსთაველის სახელმწიფო უნივერსიტეტის მთავარი ბიბლიოთეკა წიგნსაცავი 2024-07-18 15.00 316 დ-16 68776 2024-07-18 68776 2024-07-18 წიგნი 15ლ.90თ.